Statistiques concernant Description foireuse de personnages d'animés/manga #1

Cliquez ici pour prendre le quiz!

Statistiques générales

  • Ce quiz a été pris 328 fois
  • Le résultat moyen est 14 sur 20

Statistiques - réponses

DescriptionPersonnage% Correct
Il a mangé un fruit pas mûr et maintenant il peut plus nager mais en contrepartie c'est devenu l'un des quatre fantastiques, celui qui s'étire.Monkey D Luffy
98%
Il a été entrainé par un pervers qui voulait lui apprendre à maitriser le pouvoir des neuf queues qui sommeille en lui.Naruto Uzumaki
90%
Il a décidé que 2 katanas c'était pas assez donc il en a un troisième qu'il coince entre ses dents.Roronoa Zoro
88%
Depuis qu'il est chauve il est trop fortSaitama
86%
Le gars a 200 de qi et décide de faire un génocide à l'aide de son journal intime.Light Yagami
81%
C'est un dieu qui adore manger des pommes.Ryuk
81%
Il crache du feu avec sa bouche et gagne ses combats grâce au pouvoirs de l'amitiés.Natsu Dragnir
77%
Dans sa famille quand tu perd quelqu'un que tu aimes tu attrapes une conjonctivite qui te donne des pouvoirs. Et bas lui son frère a tué toute sa famille.Sasuke Uchiha
74%
C'est un roux qui peut voir les fantômes et un jour il obtient des pouvoirs et une épée qui lui permet de trancher les fantômes. Mais à la place il préfère taper sur la tête des 13 capitaines qui eux aussi combattent les fantômes.Ichigo Kurosaki
71%
L'ennemi à abattre c'est Michael Jackson et pour trancher ses adversaires il respire à la façon de l'eau ou du soleil.Tanjiro Kamado
70%
Il a perdu sa mère, il a voulu la ressusciter, il a perdu un bras et un frère.Edward Elric
69%
C'est un cyborg qui veut apprendre à être aussi fort qu'un chauve au costume en latex jaune.Genos
69%
Le mec cosplay un sanglier avec des katanas à dents de scie.Inosuke
69%
C'est un prince d'une autre planète, envoyé sur la terre et quand il est pas content il devient blond.Vegeta
69%
Ils ont tous des livres qui permettent de lancer des sorts trop stylés. Lui il en sort une épée et passe son temps à crier.Asta
62%
Il préfère se battre à moitié nue (tant qu'à faire) et manipule la glace.Grey Fullbuster
61%
Il a obtenu un bouquin avec un trèfle à quatre feuille dessus qui lui permet de lancer du vent (le même que ton crush te met).Yuno
49%
Lui aussi a perdu sa mère et lui aussi a voulu la ressusciter, eh bien il a perdu la faculté d'exister et le bras de son frère aussi (accessoirement).Alphonse Elric
48%
Il est pompier mais il crée des flammes avec ses pieds.Shinra Kusakabe
44%
Il est pompier avec une épée et plus il se croit dans son monde chevaleresque plus il est fort.Arthur Boyle
42%

Distribution des résultats

Percentile par nombre de réponses

% des personnes avec chaque résultat

Votre développement - résultats

Vous n’avez pas pris ce quiz